000 00505nam a2200181Ia 4500
005 20250508161647.0
008 008 250505s9999 xx 000 0 eng d
037 _aTextual
040 _aFEDL
_beng
_cFEDL
041 _aeng
_2eng
084 _a629.2, BEC
_qFEDL
100 _aBeck John H
_9771228
245 0 _aUnderstanding the automobile
260 _aChicago, USA
_bFollett Educational Corporation
_c1969
300 _a85p.
942 _cTEXL
_h629.2, BEC
999 _c1371393
_d1371393